000 01179nam0a22003011 4500
001 RU\NLR\INFOCOMM_253\5000040095
005 20250810064124.0
035 _a(NLR Aleph) 009328738
090 _a9440555
_c9440555
100 _a20100930d1943 u y0rusy50 ca
101 0 _afre
102 _aRU
105 _ay ||||000|y
200 1 _aDestin de l'Europe
_fIlya Ehrenbourg
210 _aMoscou
_cÉd. en langues étrangères
_d1943
215 _a48 с.
_d16 см
300 _aНа 4-й с. обл.: Илья Эренбург. Судьба Европы
606 _aОтечественная война
_yОккупированные районы СССР
_z1941
_2nlr_sh1
607 _aЕвропейские государства
_xГерманская оккупация
_z1939-
_2nlr_sh1
700 1 _4070
_7ba
_8rus
_aÉrenburg
_bI. G.
_f1891-1967
_gIl'ja Grigor'evič
_9249298
_3RU\NLR\AUTH\770249354
790 1 _9z02700
_aEhrenbourg
_bI.
_gIlya
_4070
801 1 _aRU
_bNLR
_c20100930
801 0 _aRU
_bNLR
_gPSBO
852 _aNLR
_jИ25 Г-2/13
_y3 экз.
942 _cBOOK
945 _aРоссийская национальная библиотека
980 _aNB
980 _aBV